000 00650nam a2200241Ia 4500
003 OSt
005 20220928114816.0
006 a|||||r|||| 00| 0
007 ta
008 220927b |||||||| |||| 00| 0 eng d
024 _a66005
037 _cTextual
040 _aSDCL
_cSDCL
_beng
041 _2eng
_aeng
082 _aX64.2'P, P5
100 _aBatra G S
_9440891
245 0 _aFinancial services and markets
260 _aNew Delhi
_bDeep & Deep Publication
_c2005
300 _ax,258p.Bibp259-569
_ccm.
650 _aFinancial Services
_9405154
942 _hX64.2'P, P5
_cTEXL
_2CC
999 _c756403
_d756403